Myslite pozitívne, čaká vás platenie daní
Daňová správa SR má dva nadčasové a dlhotrvajúce ciele : rozširovať počet dobrovoľných platcov dane a podporovať trh s pozitívne mysliacimi a konajúcimi daňovými subjektami. To znamená v praxi : analýzu rizík a nové kontrolné technológie, systematickú podporu i oponentúru zahraničných expertov, nové...
Guardado en:
| Autor principal: | |
|---|---|
| Formato: | Capítulo de libro |
| Lenguaje: | eslovaco |
| Materias: | |
| Etiquetas: |
Sin Etiquetas, Sea el primero en etiquetar este registro!
|
MARC
| LEADER | 00000naa$a2200000$$$4500 | ||
|---|---|---|---|
| 001 | 0025770 | ||
| 005 | 20231006120346.9 | ||
| 041 | 0 | |a slo | |
| 044 | |a SK | ||
| 245 | 1 | 0 | |a Myslite pozitívne, čaká vás platenie daní |c Emil Burák |
| 520 | |a Daňová správa SR má dva nadčasové a dlhotrvajúce ciele : rozširovať počet dobrovoľných platcov dane a podporovať trh s pozitívne mysliacimi a konajúcimi daňovými subjektami. To znamená v praxi : analýzu rizík a nové kontrolné technológie, systematickú podporu i oponentúru zahraničných expertov, nové analytické vysokosofistikované technológie (elektronický audit), európsky počítačový vodičský preukaz - aj v daňových orgánoch. | ||
| 610 | 2 | 0 | |a správa daňová |
| 610 | 2 | 0 | |a Slovensko |
| 610 | 2 | 0 | |a kontrola daňová |
| 610 | 2 | 0 | |a technológia |
| 610 | 2 | 0 | |a risk management |
| 610 | 2 | 0 | |a povinnosť daňová |
| 610 | 2 | 0 | |a zamestnanci |
| 610 | 2 | 0 | |a vzdelávanie ďalšie |
| 610 | 2 | 0 | |a počítače |
| 100 | 1 | |a Burák, Emil | |